Guerres avec participation française - Mort subite - Statistiques

Statistiques générales
  • Ce quiz a été pris 1 177 fois
    46 depuis la dernière actualisation
  • Le résultat moyen est 8 sur 16
Answers on the Grid
Answers color-coded by a green-red scale on the quiz's grid according to % correct below.
Guerre d'Algérie
Guerre de Cent Ans
Guerre de Corée
Guerre de Crimée
Guerre de Hollande
Guerre de la Triple Alliance
Guerre de Sept Ans
Guerre de Succession d'Espagne
Guerre de Trente Ans
Guerre des Goths
Guerre des Malouines
Guerre de Succession d'Autriche
Guerre d'Indochine
Guerre des Six Jours
Guerre du Chaco
Guerre d'indépendance des États-Unis
Guerre du Golfe
Guerre du Kippour
Première Croisade
Guerre du Viêt Nam
Guerres d'Italie
Première Guerre mondiale
Guerre du Péloponnèse
Seconde Guerre mondiale
 
Statistiques - réponses
Réponse % Correct
Guerre d'Algérie
100%
Guerre de Cent Ans
87%
Guerre d'Indochine
63%
Seconde Guerre mondiale
63%
Guerre d'indépendance des États-Unis
60%
Première Guerre mondiale
60%
Guerre de Crimée
57%
Guerre de Sept Ans
57%
Guerre de Trente Ans
57%
Guerre de Succession d'Espagne
47%
Guerres d'Italie
43%
Guerre de Corée
40%
Première Croisade
37%
Guerre du Golfe
30%
Guerre de Hollande
20%
Guerre de Succession d'Autriche
13%
Aucun quiz correspondant
Distribution des résultats
% des personnes avec chaque résultat
Percentile par nombre de réponses
Votre historique - résultats
Vous n’avez pas pris ce quiz depuis la dernière actualisation